Bloodborne Bosses - Statistics

General Stats
  • This quiz has been taken 131 times
  • The average score is 16 of 22
Answer Stats
Hint Answer % Correct
Great Bridge Cleric Beast
97%
Oedon Tomb Father Gascoigne
92%
Old Yharnam Blood Starved Beast
91%
Grand Cathedral Vicar Amelia
90%
Wet Nurse's Lunarium Mergo's Wet Nurse
80%
Witches Abode Witches of Hemwick
77%
Nightmare Frontier Amygdala
76%
Hunter's Dream Moon Presence
76%
Forbidden Grave Shadows of Yharnam
75%
Astral Clocktower Lady Maria of the Astral Clocktower
71%
Forsaken Castle Cainhurst Martyr Logarius
71%
Coast Orphan of Kos
71%
Hunter's Dream Gehrman the First Hunter
70%
Mergo's Loft Micolash Host of the Nightmare
70%
Altar of Despair Ebrietas Daughter of the Cosmos
68%
Lumenwood Garden Living Failures
68%
Byrgenwerth Rom, the Vacuous Spider
67%
Yahar'gul Unseen Village Darkbeast Paarl
63%
Lumenflower Gardens Celestial Emissary
57%
Nightmare Grand Cathedral Laurence the First Vicar
53%
Underground Corpse Pile Ludwig the Accursed
53%
Advent Plaza One Reborn
53%
No matching quizzes found
Score Distribution
Percent of People with Each Score
Percentile by Number Answered
Your Score History
You have not taken this quiz